000 00480nam a22001697a 4500
005 20260616120634.0
020 _a9788198810564
041 _aEnglish
082 _aT16 R25 STE
100 _aStephen Jeyaseela S
245 _aThamzhagath Thuni Urpaththi Mattrum Vanigap Porulaathaaraththin Valamaiyum Dutchu Kizhakkinthiyha Niruvanathkthin Muthalalithuvamum, 1610-1794
250 _a01
260 _aChennai
_bNCBH
_c2025
300 _a160
365 _b150.00
942 _cBK
999 _c177883
_d177883